L'Arnau, revolucionari i milicià : la guerra civil espanyola / Pelai Pagès la guerra civil espanyola / Pelai Pagès
Publicado:
Barcelona :
Graó : Servei d'Ensenyament i Investigació de la Diputació de Barcelona ,
1985
Descripción Física:
59 p. : il. ; 20 x 21 cm
Colección:
Biblioteca de la classe ; 10
MARC
| LEADER | 00000nam a2200000Ia 4500 | ||
|---|---|---|---|
| 001 | 1932 | ||
| 008 | 160829s1985 xx 000 0 cat d | ||
| 080 | |a H-1-194 | ||
| 100 | 1 | |a Pagès, Pelai, |d 1949- |9 20255 | |
| 245 | |a L'Arnau, revolucionari i milicià : |b la guerra civil espanyola / Pelai Pagès | ||
| 260 | |a Barcelona : |b Graó : |b Servei d'Ensenyament i Investigació de la Diputació de Barcelona, |c 1985 | ||
| 300 | |a 59 p. : |b il. ; |c 20 x 21 cm | ||
| 490 | |a Biblioteca de la classe ; 10 | ||
| 651 | 0 | |a Espanya |x Història |y 1936-1939, Guerra Civil |9 55759 | |
| 710 | 1 | |a Barcelona (Catalunya : Província). |b Servei d'Ensenyament i Investigació |9 54366 | |
| 901 | |a Arxiu | ||
| 942 | |n 1 | ||
| 952 | |0 0 |1 0 |4 0 |6 H1194 |7 1 |9 41509 |a Arxiu |b Arxiu |d 2016-12-01 |l 0 |o H-1-194 |p 1932 |r 2016-12-01 00:00:00 |w 2016-12-01 |y ARXIU | ||
| 999 | |c 43317 |d 43317 | ||